Serie A Top Scorers in 21C - Sudden Death - Statistics

General Stats
  • This quiz has been taken 134 times
    33 since last reset
  • The average score is 4 of 11
Answers on the Grid
Answers color-coded by a green-red scale on the quiz's grid according to % correct below.
Ademola Lookman
Andrea Belotti
Carlos Tevez
Ciro Immobile
Cristiano Ronaldo
Diego Milito
Domenico Berardi
Dries Mertens
Dusan Vlahovic
Duvan Zapata
Edin Dzeko
Edinson Cavani
Fabio Quagliarella
Francesco Totti
Gianluca Scamacca
Gonzalo Higuaín
Krzysztof Piatek
Lautaro Martinez
Lorenzo Insigne
Luca Toni
Luis Muriel
Mauro Icardi
Olivier Giroud
Paulo Dybala
Rodrigo Palacio
Romelu Lukaku
Victor Osimhen
Zlatan Ibrahimovic
 
Answer Stats
Answer % Correct
Ciro Immobile
75%
Cristiano Ronaldo
55%
Fabio Quagliarella
45%
Gonzalo Higuaín
45%
Mauro Icardi
45%
Edin Dzeko
35%
Edinson Cavani
30%
Luca Toni
30%
Zlatan Ibrahimovic
25%
Lautaro Martinez
20%
Victor Osimhen
20%
No matching quizzes found
Score Distribution
Percent of People with Each Score
Percentile by Number Answered
Your Score History
You have not taken this quiz since the last reset